000 00530 a2200169 4500
999 _c5454
_d5454
010 _aENG-86868
020 _c125.00
_a8173815070
035 _aEN-70401
037 _bDBAD / PUB
082 1 4 _a615.53
100 1 _aMukerji, K.C.
245 1 _aA student's handbook of emergency homoeopathic materia medica /
_cby K.C. Mukerji
260 _aKolkata
_bNew Central Book Agency
_c2006
270 _a8/1, Chintamoni Das Lane
_bKolkata
_e700 009
300 _axi, 495p
_c24cm (Pbk)
942 _adpl
_cEN
_2ddc
_h615.53
_mMUK